[Event "4. Kesarovski-Georgiev Memorial"]
[Site "Sunny Beach BUL"]
[Date "2005.09.17"]
[Round "2.13"]
[White "Drenchev, Petar"]
[Black "Orev, Petar"]
[Result "1/2-1/2"]
[WhiteElo "2412"]
[BlackElo "2222"]
[PlyCount "99"]
[EventDate "2005.09.16"]
[EventType "swiss"]
[EventRounds "9"]
[EventCountry "BUL"]
[Source "lmi"]
[SourceDate "2005.09.25"]

1. Nf3 Nf6 2. d4 d5 3. c4 c6 4. Nc3 g6 5. e3 Bg7 6. b4 O-O 7. Bb2 Bf5 8. Be2
Nbd7 9. O-O Nb6 10. Nd2 Be6 11. c5 Nc4 12. Nxc4 dxc4 13. a4 b6 14. cxb6 Qxb6
15. Ba3 Nd5 16. Ne4 Bf5 17. Bf3 Nxb4 18. Qc1 a5 19. Qxc4 e5 20. dxe5 Bxe5 21.
Rab1 Rab8 22. Bb2 Qc7 23. Bxe5 Qxe5 24. Rbc1 Rfd8 25. Rfd1 h6 26. Nc5 h5 27. h3
Qf6 28. Rxd8+ Rxd8 29. Nb7 Rd2 30. Nxa5 Nd3 31. Qc3 Qxc3 32. Rxc3 c5 33. Nb3
Rb2 34. Nxc5 Rb1+ 35. Kh2 Nxf2 36. Kg3 Nd1 37. Ra3 Rc1 38. a5 Rxc5 39. a6 Rc7
40. Bb7 Bc8 41. Rd3 Bxb7 42. axb7 Rxb7 43. Rxd1 Kg7 44. Rd6 Rb2 45. Kf3 h4 46.
Rd4 g5 47. g3 hxg3 48. Kxg3 Kg6 49. h4 Rb3 50. Kf3 1/2-1/2

[Event "4. Kesarovski-Georgiev Memorial"]
[Site "Sunny Beach BUL"]
[Date "2005.09.17"]
[Round "2.14"]
[White "Angelov, Angel"]
[Black "Petrov, Marijan"]
[Result "0-1"]
[WhiteElo "2222"]
[BlackElo "2406"]
[PlyCount "40"]
[EventDate "2005.09.16"]
[EventType "swiss"]
[EventRounds "9"]
[EventCountry "BUL"]
[Source "lmi"]
[SourceDate "2005.09.25"]

1. e4 c5 2. Nc3 Nc6 3. g3 g6 4. Bg2 Bg7 5. d3 e6 6. f4 d6 7. Nf3 Nge7 8. O-O
O-O 9. g4 f5 10. gxf5 exf5 11. Kh1 Nd4 12. Be3 Rb8 13. e5 dxe5 14. Nxe5 b5 15.
a4 b4 16. Nb5 Bb7 17. Bxd4 Bxg2+ 18. Kxg2 cxd4 19. Nc4 a6 20. Nbd6 Rf6 0-1

[Event "4. Kesarovski-Georgiev Memorial"]
[Site "Sunny Beach BUL"]
[Date "2005.09.17"]
[Round "2.15"]
[White "Nikolov, Sasho"]
[Black "Kacakovski, Dimitar"]
[Result "1-0"]
[WhiteElo "2400"]
[BlackElo "2213"]
[PlyCount "95"]
[EventDate "2005.09.16"]
[EventType "swiss"]
[EventRounds "9"]
[EventCountry "BUL"]
[Source "lmi"]
[SourceDate "2005.09.25"]

1. e4 c5 2. Nf3 Nc6 3. d4 cxd4 4. Nxd4 Nf6 5. Nc3 e5 6. Ndb5 d6 7. Bg5 a6 8.
Na3 b5 9. Nd5 Be7 10. Bxf6 Bxf6 11. c3 Rb8 12. Nc2 a5 13. Qd3 O-O 14. Rd1 Bg5
15. Be2 Be6 16. O-O Ne7 17. Nce3 Bxe3 18. Nxe3 Bxa2 19. Qxd6 Qxd6 20. Rxd6 Bb3
21. Ra1 a4 22. Kf1 Rfc8 23. Ke1 Kf8 24. Bd1 Be6 25. Bg4 Bxg4 26. Nxg4 f6 27.
Ne3 Rd8 28. Ra6 Rdc8 29. Kd2 Rc6 30. Ra7 Nc8 31. Ra5 Nd6 32. f3 b4 33. R5xa4
bxc3+ 34. bxc3 Rb2+ 35. Kd3 Nb7 36. Ra8+ Kf7 37. R1a7 Kg6 38. Nf5 Rc7 39. Rb8
h5 40. c4 Rb3+ 41. Kd2 Kf7 42. Ne3 Rd7+ 43. Nd5 Rb2+ 44. Kc3 Rb1 45. Kc2 Rg1
46. Rbxb7 Rxg2+ 47. Kd3 Rxb7 48. Rxb7+ 1-0

[Event "4. Kesarovski-Georgiev Memorial"]
[Site "Sunny Beach BUL"]
[Date "2005.09.17"]
[Round "2.16"]
[White "Arnaudov, G  Petar"]
[Black "Grigorov, Grigor"]
[Result "1/2-1/2"]
[WhiteElo "2207"]
[BlackElo "2400"]
[PlyCount "85"]
[EventDate "2005.09.16"]
[EventType "swiss"]
[EventRounds "9"]
[EventCountry "BUL"]
[Source "lmi"]
[SourceDate "2005.09.25"]

1. d4 Nf6 2. c4 e6 3. Nc3 Bb4 4. e3 b6 5. Bd3 Bb7 6. Nf3 O-O 7. O-O c5 8. a3
Bxc3 9. bxc3 Be4 10. Bxe4 Nxe4 11. Qd3 d5 12. cxd5 exd5 13. c4 Re8 14. Bb2 Nc6
15. dxc5 dxc4 16. Qxc4 Na5 17. Qa4 Nxc5 18. Qg4 f6 19. Rad1 Qc8 20. Qb4 Kh8 21.
Nd4 Re4 22. Qb5 Qe8 23. Qxe8+ Raxe8 24. Nb5 R4e7 25. Rd5 Nc4 26. Bc3 a6 27. Nd6
Nxd6 28. Rxd6 Ne4 29. Rc6 Re6 30. Rxe6 Rxe6 31. Bd4 Rc6 32. f3 Nd6 33. Rb1 b5
34. a4 Kg8 35. axb5 Nxb5 36. g4 Kf7 37. Kf2 Ke6 38. Ke2 Rc2+ 39. Kd3 Rxh2 40.
Ra1 Nc7 41. Bb6 Nd5 42. Bc5 Nc7 43. Bb6 1/2-1/2

[Event "4. Kesarovski-Georgiev Memorial"]
[Site "Sunny Beach BUL"]
[Date "2005.09.17"]
[Round "2.17"]
[White "Nikolov, Momchil"]
[Black "Arnaudov, Petar"]
[Result "1/2-1/2"]
[WhiteElo "2400"]
[BlackElo "2204"]
[PlyCount "64"]
[EventDate "2005.09.16"]
[EventType "swiss"]
[EventRounds "9"]
[EventCountry "BUL"]
[Source "lmi"]
[SourceDate "2005.09.25"]

1. e4 c5 2. Nf3 g6 3. d4 Bg7 4. d5 b5 5. a4 b4 6. Bd3 d6 7. O-O Nf6 8. Nbd2 O-O
9. Nc4 Ba6 10. Re1 Bxc4 11. Bxc4 Nbd7 12. h3 Nb6 13. Bb5 Nfd7 14. a5 Nc8 15.
Qd3 Qc7 16. Bxd7 Qxd7 17. Nd2 Rb8 18. Nc4 Qb5 19. Bf4 Rb7 20. Rad1 Rd7 21. b3
a6 22. Qg3 Qb7 23. h4 Na7 24. Nb6 Rdd8 25. e5 Nb5 26. e6 fxe6 27. dxe6 Rf5 28.
Be3 Nd4 29. Bxd4 cxd4 30. Nc4 Rdf8 31. Re2 Qb5 32. Rde1 Kh8 1/2-1/2

[Event "4. Kesarovski-Georgiev Memorial"]
[Site "Sunny Beach BUL"]
[Date "2005.09.17"]
[Round "2.19"]
[White "Kolev, Ivan"]
[Black "Collas, Silvia"]
[Result "0-1"]
[WhiteElo "2162"]
[BlackElo "2372"]
[PlyCount "54"]
[EventDate "2005.09.16"]
[EventType "swiss"]
[EventRounds "9"]
[EventCountry "BUL"]
[Source "lmi"]
[SourceDate "2005.09.25"]

1. e4 c5 2. Nc3 e6 3. f4 Nc6 4. Nf3 Nge7 5. d3 d5 6. e5 Nf5 7. g3 b6 8. Qe2 Ba6
9. Qf2 Be7 10. Bg2 f6 11. g4 Nfd4 12. f5 fxe5 13. h4 Nxf3+ 14. Bxf3 O-O 15. Bg5
Nd4 16. O-O-O Bb7 17. Bg2 b5 18. Qe3 b4 19. Na4 Qe8 20. b3 exf5 21. gxf5 Nxf5
22. Qh3 Bd6 23. h5 Nd4 24. Rde1 Rf2 25. Rhg1 e4 26. dxe4 Qe5 27. Bh4 Nxb3+ 0-1

[Event "4. Kesarovski-Georgiev Memorial"]
[Site "Sunny Beach BUL"]
[Date "2005.09.17"]
[Round "2.21"]
[White "Karakehajov, Kalin"]
[Black "Jordanova, Svetla"]
[Result "1-0"]
[WhiteElo "2385"]
[BlackElo "2179"]
[PlyCount "85"]
[EventDate "2005.09.16"]
[EventType "swiss"]
[EventRounds "9"]
[EventCountry "BUL"]
[Source "lmi"]
[SourceDate "2005.09.25"]

1. e4 c5 2. Nf3 d6 3. d4 cxd4 4. Qxd4 Nc6 5. Bb5 Bd7 6. Qd3 Nf6 7. c4 e6 8. O-O
Be7 9. Nc3 a6 10. Bxc6 Bxc6 11. b4 b6 12. a3 O-O 13. Bb2 Rc8 14. Rac1 Ba8 15.
Rfe1 Qc7 16. Nb1 Rfd8 17. Nbd2 Qb7 18. Nd4 Bf8 19. f3 Nd7 20. Kh1 Ne5 21. Qe2
Ng6 22. Qe3 Be7 23. Ne2 b5 24. cxb5 Qxb5 25. Nd4 Qh5 26. Rxc8 Rxc8 27. Rc1
Rxc1+ 28. Bxc1 Bg5 29. Qc3 Nf8 30. Qc8 Bxd2 31. Bxd2 Bxe4 32. Qxa6 Qd5 33. Be3
Bg6 34. b5 e5 35. Nc6 Qd1+ 36. Bg1 h5 37. b6 Bd3 38. Qc8 e4 39. Ne7+ Kh7 40.
Qf5+ g6 41. Qxf7+ Kh6 42. Qxf8+ Kg5 43. h4+ 1-0

[Event "4. Kesarovski-Georgiev Memorial"]
[Site "Sunny Beach BUL"]
[Date "2005.09.17"]
[Round "2.23"]
[White "Dimitrov, Radoslav"]
[Black "Georgiev, Steljan"]
[Result "1-0"]
[WhiteElo "2099"]
[BlackElo "1944"]
[PlyCount "103"]
[EventDate "2005.09.16"]
[EventType "swiss"]
[EventRounds "9"]
[EventCountry "BUL"]
[Source "lmi"]
[SourceDate "2005.09.25"]

1. c4 e5 2. Nc3 Nc6 3. g3 g6 4. Bg2 Bg7 5. e3 d6 6. Nge2 Be6 7. d3 Qd7 8. O-O
Bh3 9. Nd5 O-O-O 10. Nec3 h5 11. Bxh3 Qxh3 12. Qf3 Qd7 13. b4 h4 14. b5 Nb8 15.
Bd2 f5 16. a4 Rf8 17. Qg2 c6 18. bxc6 bxc6 19. Nb4 f4 20. gxf4 exf4 21. exf4 h3
22. Qg3 Ne7 23. Nc2 Nf5 24. Qf3 Nh4 25. Qe2 g5 26. f3 gxf4 27. Kh1 Nf5 28. Rg1
Re8 29. Qf2 Bf6 30. Ne4 Bxa1 31. Rxa1 Reg8 32. Rg1 Qf7 33. Bxf4 Rxg1+ 34. Qxg1
Rg8 35. Qf1 Qg6 36. Ng3 Nxg3+ 37. hxg3 Nd7 38. Nb4 Ne5 39. d4 c5 40. Nd5 Nc6
41. dxc5 dxc5 42. Qxh3+ Kb7 43. Qd7+ Ka6 44. Nc7+ Ka5 45. Ne6 Rh8+ 46. Kg2 a6
47. Bd2+ Nb4 48. Qc7+ Kxa4 49. Nxc5+ Ka3 50. Qa5+ Kb2 51. Qxb4+ Kc2 52. Qc3+
1-0

[Event "4. Kesarovski-Georgiev Memorial"]
[Site "Sunny Beach BUL"]
[Date "2005.09.17"]
[Round "2.24"]
[White "Dimitrov, Pavel"]
[Black "Ochkov, Radoslav"]
[Result "1-0"]
[WhiteElo "2161"]
[BlackElo "1725"]
[PlyCount "77"]
[EventDate "2005.09.16"]
[EventType "swiss"]
[EventRounds "9"]
[EventCountry "BUL"]
[Source "lmi"]
[SourceDate "2005.09.25"]

1. e4 c5 2. Nf3 e6 3. d4 cxd4 4. Nxd4 Nf6 5. Qe2 d6 6. g3 b6 7. Bg2 Bb7 8. O-O
Be7 9. e5 Bxg2 10. exf6 Bxf1 11. fxe7 Bxe2 12. exd8=Q+ Kxd8 13. Nxe2 Nc6 14. c4
Ke7 15. Nbc3 Rhd8 16. b3 Nb4 17. Bb2 Rac8 18. Rd1 a6 19. Rd2 f5 20. Ba3 a5 21.
Nf4 g5 22. Nd3 Nxd3 23. Rxd3 Rc6 24. Nb5 e5 25. Rd5 Ke6 26. Kg2 g4 27. Nc3 h5
28. Na4 Rd7 29. Nc3 Rd8 30. Rb5 Rd7 31. Nd5 Rb7 32. Bc1 Rc5 33. a4 Rxb5 34.
axb5 Rb8 35. Be3 Kd7 36. Bxb6 Ra8 37. Bc7 Rc8 38. Bxa5 Ra8 39. Nb6+ 1-0

[Event "4. Kesarovski-Georgiev Memorial"]
[Site "Sunny Beach BUL"]
[Date "2005.09.18"]
[Round "3.4"]
[White "Petrov, Marijan"]
[Black "Chatalbashev, Boris"]
[Result "1/2-1/2"]
[WhiteElo "2406"]
[BlackElo "2499"]
[PlyCount "27"]
[EventDate "2005.09.16"]
[EventType "swiss"]
[EventRounds "9"]
[EventCountry "BUL"]
[Source "lmi"]
[SourceDate "2005.09.25"]

1. e4 c5 2. Nf3 d6 3. d4 Nf6 4. Nc3 cxd4 5. Nxd4 g6 6. Be3 Bg7 7. f3 Nc6 8. Qd2
O-O 9. O-O-O d5 10. exd5 Nxd5 11. Nxc6 bxc6 12. Bd4 e5 13. Bc5 Be6 14. Ne4
1/2-1/2

[Event "4. Kesarovski-Georgiev Memorial"]
[Site "Sunny Beach BUL"]
[Date "2005.09.18"]
[Round "3.5"]
[White "Georgiev, Krum"]
[Black "Kjurkchiiski, Georgi"]
[Result "1-0"]
[WhiteElo "2468"]
[BlackElo "2257"]
[PlyCount "49"]
[EventDate "2005.09.16"]
[EventType "swiss"]
[EventRounds "9"]
[EventCountry "BUL"]
[Source "lmi"]
[SourceDate "2005.09.25"]

1. e4 c6 2. Nc3 d5 3. Nf3 dxe4 4. Nxe4 Nf6 5. Nxf6+ exf6 6. Bc4 Be7 7. d4 O-O
8. O-O Bg4 9. c3 Nd7 10. Re1 Nb6 11. Bb3 Bd6 12. Qd3 Qd7 13. Bd2 Bf5 14. Qf1 g5
15. c4 Bc7 16. Bc3 h6 17. d5 cxd5 18. c5 Na4 19. c6 Qxc6 20. Nd4 Qd6 21. g3 Bd7
22. Bxa4 Bxa4 23. Nf5 Qd8 24. Qh3 Bd7 25. Qxh6 1-0

[Event "4. Kesarovski-Georgiev Memorial"]
[Site "Sunny Beach BUL"]
[Date "2005.09.18"]
[Round "3.8"]
[White "Dobrev, Nanko"]
[Black "Bojchev, Marian"]
[Result "1-0"]
[WhiteElo "2426"]
[BlackElo "2240"]
[PlyCount "73"]
[EventDate "2005.09.16"]
[EventType "swiss"]
[EventRounds "9"]
[EventCountry "BUL"]
[Source "lmi"]
[SourceDate "2005.09.25"]

1. d4 Nf6 2. Nf3 e6 3. Bg5 c5 4. e3 b6 5. Bd3 Bb7 6. Nbd2 Be7 7. c3 d5 8. Ne5
O-O 9. O-O h6 10. Bh4 Nfd7 11. Bxe7 Qxe7 12. f4 Nxe5 13. fxe5 Ba6 14. Bxa6 Nxa6
15. Qg4 Nc7 16. Rf4 f6 17. exf6 Rxf6 18. Nf3 Raf8 19. Rf1 Ne8 20. Ne5 Kh7 21.
h4 Nd6 22. h5 Rxf4 23. exf4 Rf6 24. Re1 Ne4 25. Ng6 Qe8 26. Qf3 cxd4 27. cxd4
Qa4 28. Qd3 Qxa2 29. Qc2 Qa5 30. Rc1 Ng3 31. Nf8+ Kg8 32. Qh7+ Kf7 33. Rc7+ Ke8
34. Rc8+ Kf7 35. Qg8+ Ke7 36. Ng6+ Rxg6 37. Qe8+ 1-0

[Event "4. Kesarovski-Georgiev Memorial"]
[Site "Sunny Beach BUL"]
[Date "2005.09.18"]
[Round "3.9"]
[White "Velikov, Petar"]
[Black "Arnaudov, G  Petar"]
[Result "1/2-1/2"]
[WhiteElo "2422"]
[BlackElo "2207"]
[PlyCount "82"]
[EventDate "2005.09.16"]
[EventType "swiss"]
[EventRounds "9"]
[EventCountry "BUL"]
[Source "lmi"]
[SourceDate "2005.09.25"]

1. c4 Nf6 2. g3 c5 3. Bg2 g6 4. Nc3 Bg7 5. e3 O-O 6. Nge2 e6 7. Nf4 Nc6 8. O-O
Ne7 9. Qb3 d6 10. h3 e5 11. Nfe2 Nc6 12. d3 Nb4 13. Qd1 Bf5 14. e4 Bd7 15. Be3
Ne8 16. Qd2 Nc7 17. Rab1 b6 18. a3 Nc6 19. b4 Nd4 20. f4 Bh6 21. bxc5 bxc5 22.
fxe5 Bxe3+ 23. Qxe3 dxe5 24. Nd5 Nxe2+ 25. Qxe2 Bc6 26. Qe3 Ne6 27. h4 f6 28.
Rb2 Nd4 29. Rbf2 Bxd5 30. cxd5 Kg7 31. Rb2 Rb8 32. Rfb1 Qc7 33. Qc1 Rb6 34. Bh3
Rfb8 35. Kg2 Rxb2+ 36. Rxb2 Rxb2+ 37. Qxb2 Qb6 38. Qd2 Qa6 39. Qc3 Qb6 40. Qd2
Qa6 41. Qc3 Qb6 1/2-1/2

[Event "4. Kesarovski-Georgiev Memorial"]
[Site "Sunny Beach BUL"]
[Date "2005.09.18"]
[Round "3.10"]
[White "Khurshudova, Lyudmila"]
[Black "Drenchev, Petar"]
[Result "0-1"]
[WhiteElo "2317"]
[BlackElo "2412"]
[PlyCount "82"]
[EventDate "2005.09.16"]
[EventType "swiss"]
[EventRounds "9"]
[EventCountry "BUL"]
[Source "lmi"]
[SourceDate "2005.09.25"]

1. e4 c5 2. c4 Nc6 3. Nc3 g6 4. g3 a6 5. Bg2 Rb8 6. Nge2 Bg7 7. d3 b5 8. Rb1 e6
9. O-O Nge7 10. Bf4 d6 11. Qd2 Ne5 12. b3 O-O 13. cxb5 axb5 14. d4 cxd4 15.
Nxd4 b4 16. Na4 Ba6 17. Rfd1 Nd3 18. Be3 e5 19. Nc2 f5 20. Ne1 fxe4 21. Bxe4
Nxe1 22. Qxd6 Bd3 23. Qe6+ Kh8 24. Bxd3 Nf3+ 25. Kg2 Nd4 26. Qg4 Nd5 27. Bg5
Nf6 28. Bxf6 Qxf6 29. Rf1 Nf3 30. Rb2 Rbd8 31. Qe4 Rd4 32. Qe3 Qc6 33. Kh3 Qd7+
34. Kg2 Rh4 35. gxh4 Qg4+ 36. Kh1 Qh3 37. Qxf3 Qxf3+ 38. Kg1 Rf4 39. h3 Qxd3
40. Kg2 e4 41. Rbb1 Qf3+ 0-1

[Event "4. Kesarovski-Georgiev Memorial"]
[Site "Sunny Beach BUL"]
[Date "2005.09.18"]
[Round "3.12"]
[White "Orev, Petar"]
[Black "Nikolov, Momchil"]
[Result "0-1"]
[WhiteElo "2222"]
[BlackElo "2400"]
[PlyCount "208"]
[EventDate "2005.09.16"]
[EventType "swiss"]
[EventRounds "9"]
[EventCountry "BUL"]
[Source "lmi"]
[SourceDate "2005.09.25"]

1. e4 c5 2. c4 Nc6 3. Ne2 g6 4. d4 cxd4 5. Nxd4 Bg7 6. Be3 Nf6 7. Nc3 O-O 8.
Be2 d6 9. O-O Bd7 10. Rc1 Nxd4 11. Qxd4 Ng4 12. Qd2 Nxe3 13. Qxe3 Bc6 14. b4
Qb6 15. Qxb6 axb6 16. b5 Bxc3 17. bxc6 Bd4 18. cxb7 Rxa2 19. Bg4 Rb8 20. Bc8 e5
21. Kh1 Ra7 22. g3 Rbxb7 23. Bxb7 Rxb7 24. Kg2 Ra7 25. Rc2 Ra3 26. h4 Kg7 27.
g4 Kf6 28. Rh1 h6 29. Rh3 Ra1 30. Rf3+ Ke6 31. h5 gxh5 32. Rh3 hxg4 33. Rxh6+
Ke7 34. Rh4 f5 35. exf5 Kf6 36. Rh5 Ra3 37. Rh6+ Kxf5 38. Rxd6 Ra1 39. Re2 Rc1
40. Rc6 Bc5 41. Rb2 Bd4 42. Re2 Rc3 43. Rc8 Ke6 44. Ra2 Kd7 45. Rg8 Kd6 46. Rc8
Bc5 47. Rd2+ Ke6 48. Re8+ Kf5 49. Re2 Bd4 50. Rc8 Ke6 51. Ra2 Kd6 52. Ra4 Rc2
53. Rf8 Ke7 54. Rf5 Ke6 55. Rf8 Bc5 56. Rg8 Kf5 57. Ra7 Rxf2+ 58. Kh1 Rc2 59.
Rf7+ Ke6 60. Rfg7 Rxc4 61. Rxg4 Bd4 62. Kg2 b5 63. Kf3 Rc3+ 64. Ke2 b4 65. Rg3
Rc7 66. Kd3 Kd5 67. Rd8+ Kc5 68. Rb8 Bc3 69. Kc2 Kc4 70. Rgg8 e4 71. Rgc8 Rxc8
72. Rxc8+ Kd4 73. Rd8+ Ke3 74. Re8 Kf3 75. Re7 Bd4 76. Rd7 Bf2 77. Re7 Be1 78.
Kd1 Bc3 79. Kc2 Bd4 80. Rd7 Bf2 81. Rb7 Be1 82. Kd1 Bc3 83. Rf7+ Ke3 84. Kc2
Ke2 85. Rh7 Be1 86. Rh2+ Kf3 87. Rh3+ Ke2 88. Rh2+ Ke3 89. Kd1 Bc3 90. Kc2 Kd4
91. Rh4 Be1 92. Rg4 Ke3 93. Rg8 Ke2 94. Rh8 Bg3 95. Rg8 Bf2 96. Rb8 Be1 97. Rh8
e3 98. Rh2+ Bf2 99. Kb3 Kf1 100. Rh1+ Bg1 101. Rh5 e2 102. Re5 Bc5 103. Rf5+
Bf2 104. Re5 e1=Q 0-1

[Event "4. Kesarovski-Georgiev Memorial"]
[Site "Sunny Beach BUL"]
[Date "2005.09.18"]
[Round "3.13"]
[White "Kozhuharov, Spas"]
[Black "Dimitrov, Radoslav"]
[Result "1-0"]
[WhiteElo "2391"]
[BlackElo "2099"]
[PlyCount "49"]
[EventDate "2005.09.16"]
[EventType "swiss"]
[EventRounds "9"]
[EventCountry "BUL"]
[Source "lmi"]
[SourceDate "2005.09.25"]

1. e4 c6 2. c4 d5 3. exd5 cxd5 4. cxd5 Qxd5 5. Nc3 Qd8 6. d4 e6 7. Nf3 Nf6 8.
Bd3 Be7 9. O-O O-O 10. Bc2 Nc6 11. a3 h6 12. Qd3 Re8 13. Re1 a6 14. Bf4 Bd7 15.
d5 Na7 16. Ne5 Bf8 17. Rad1 Qc8 18. Ng4 Ne4 19. Nxe4 f5 20. Ngf6+ gxf6 21.
Nxf6+ Kh8 22. Qg3 Bg7 23. Qg6 Bxf6 24. Qxf6+ Kg8 25. Rd3 1-0

[Event "4. Kesarovski-Georgiev Memorial"]
[Site "Sunny Beach BUL"]
[Date "2005.09.18"]
[Round "3.14"]
[White "Arnaudov, Petar"]
[Black "Karakehajov, Kalin"]
[Result "1-0"]
[WhiteElo "2204"]
[BlackElo "2385"]
[PlyCount "105"]
[EventDate "2005.09.16"]
[EventType "swiss"]
[EventRounds "9"]
[EventCountry "BUL"]
[Source "lmi"]
[SourceDate "2005.09.25"]

1. d4 d5 2. Bg5 f6 3. Bh4 Nh6 4. e3 Nf5 5. Bg3 Nc6 6. Bd3 e5 7. c3 h5 8. f3
exd4 9. exd4 Kf7 10. Bf2 Bd6 11. Ne2 Nce7 12. Qc2 c6 13. Nd2 Be6 14. Nf1 Qd7
15. h4 Rae8 16. O-O-O Nh6 17. Ne3 f5 18. g3 f4 19. Ng2 fxg3 20. Bxg3 Bf5 21.
Bxd6 Bxd3 22. Qxd3 Qxd6 23. Nef4 g6 24. Nh3 Nef5 25. Ng5+ Kg7 26. Rde1 Qg3 27.
Qd2 Nf7 28. Ne6+ Kf6 29. Ngf4 Nxh4 30. Reg1 Qxf3 31. Rxh4 g5 32. Rh3 Qe4 33.
Rf1 gxf4 34. Rxf4+ Kxe6 35. Rxe4+ dxe4 36. Qf4 Nd8 37. Qxe4+ Kd7 38. Qf5+ Kc7
39. Rxh5 Rxh5 40. Qxh5 Re1+ 41. Kd2 Ra1 42. Qa5+ b6 43. Qxa7+ Nb7 44. Kc2 Rh1
45. a4 Rh5 46. b4 Rd5 47. Kb3 Rh5 48. Qa8 Rd5 49. Qe8 Nd8 50. c4 Rf5 51. Qe4
Rf1 52. c5 bxc5 53. dxc5 1-0

[Event "4. Kesarovski-Georgiev Memorial"]
[Site "Sunny Beach BUL"]
[Date "2005.09.18"]
[Round "3.15"]
[White "Yermishin, Viktor"]
[Black "Ljangov, Petar"]
[Result "0-1"]
[WhiteElo "2450"]
[BlackElo "2140"]
[PlyCount "84"]
[EventDate "2005.09.16"]
[EventType "swiss"]
[EventRounds "9"]
[EventCountry "BUL"]
[Source "lmi"]
[SourceDate "2005.09.25"]

1. e4 c5 2. c4 Nc6 3. Nc3 g6 4. g3 Bg7 5. Bg2 e6 6. Nge2 Nge7 7. d3 d6 8. Be3
Nd4 9. Qd2 Rb8 10. O-O O-O 11. Bxd4 cxd4 12. Nb5 Nc6 13. b4 a6 14. Na3 Bd7 15.
Nc2 e5 16. a4 a5 17. b5 Ne7 18. h3 b6 19. Kh2 Kh8 20. f4 f6 21. Rf2 Ng8 22.
Raf1 Qe7 23. Ne1 Nh6 24. Nf3 Nf7 25. Nh4 Rbe8 26. Bf3 Nd8 27. Ng2 Nb7 28. Ng1
Nc5 29. Qd1 Bh6 30. Ne2 Rd8 31. Bg4 f5 32. Bf3 fxe4 33. Bxe4 Nxe4 34. dxe4 Be6
35. Nxd4 exd4 36. Qxd4+ Bg7 37. Qxb6 Bxc4 38. Re1 Ra8 39. Rc2 Bb3 40. Rc7 Qd8
41. Qb7 Rg8 42. Rec1 Qb8 0-1

[Event "4. Kesarovski-Georgiev Memorial"]
[Site "Sunny Beach BUL"]
[Date "2005.09.18"]
[Round "3.17"]
[White "Spasov, Aleksandar"]
[Black "Ivanov, Jordan"]
[Result "0-1"]
[WhiteElo "2130"]
[BlackElo "2347"]
[PlyCount "96"]
[EventDate "2005.09.16"]
[EventType "swiss"]
[EventRounds "9"]
[EventCountry "BUL"]
[Source "lmi"]
[SourceDate "2005.09.25"]

1. Nf3 Nf6 2. c4 d6 3. Nc3 g6 4. d4 Bf5 5. g3 Ne4 6. Nxe4 Bxe4 7. Bg2 Bg7 8.
O-O d5 9. c5 Nc6 10. Be3 O-O 11. Rc1 Qd7 12. Qd2 a5 13. b3 Rfd8 14. Rfd1 Qe8
15. a3 e6 16. Qe1 h6 17. Qd2 g5 18. Qc3 a4 19. b4 Na7 20. Ne5 Nb5 21. Qb2 Bxg2
22. Kxg2 f6 23. Nf3 e5 24. Kg1 e4 25. Ne1 f5 26. Ng2 Ra6 27. f4 exf3 28. exf3
Re6 29. Bf2 Re2 30. Qa1 Qh5 31. Rd3 Rde8 32. Re1 Rxe1+ 33. Nxe1 Re2 34. Qd1 Qe8
35. Kf1 Rb2 36. Nc2 f4 37. g4 Rb3 38. Kg2 Qg6 39. Ne1 Rxd3 40. Nxd3 Nxa3 41.
Ne5 Qc2 42. Qe1 Kh7 43. Nd7 Nc4 44. Qe7 Ne3+ 45. Kh3 Qxf2 46. Nf8+ Kg8 47. Qe6+
Kxf8 48. Qc8+ Kf7 0-1

[Event "4. Kesarovski-Georgiev Memorial"]
[Site "Sunny Beach BUL"]
[Date "2005.09.18"]
[Round "3.18"]
[White "Panbukchian, Valentin"]
[Black "Antonov, Ognjan"]
[Result "1-0"]
[WhiteElo "2339"]
[BlackElo "2110"]
[PlyCount "23"]
[EventDate "2005.09.16"]
[EventType "swiss"]
[EventRounds "9"]
[EventCountry "BUL"]
[Source "lmi"]
[SourceDate "2005.09.25"]

1. e4 Nf6 2. Nc3 d5 3. e5 d4 4. exf6 dxc3 5. fxg7 cxd2+ 6. Bxd2 Bxg7 7. Qh5 Qd4
8. c3 Qe5+ 9. Qxe5 Bxe5 10. Bd3 Bg4 11. h3 Bh5 12. f4 1-0

[Event "4. Kesarovski-Georgiev Memorial"]
[Site "Sunny Beach BUL"]
[Date "2005.09.18"]
[Round "3.19"]
[White "Karadimov, Marin"]
[Black "Todorov, Ognjan"]
[Result "0-1"]
[WhiteElo "2120"]
[BlackElo "2335"]
[PlyCount "59"]
[EventDate "2005.09.16"]
[EventType "swiss"]
[EventRounds "9"]
[EventCountry "BUL"]
[Source "lmi"]
[SourceDate "2005.09.25"]

1. d4 Nf6 2. Nf3 g6 3. Bg5 Bg7 4. Nc3 c5 5. d5 O-O 6. e4 d6 7. h3 b5 8. Bxb5
Nxe4 9. Nxe4 Qa5+ 10. Nc3 Bxc3+ 11. bxc3 Qxb5 12. Nd2 Ba6 13. c4 Qa4 14. O-O
Re8 15. Re1 f6 16. Bf4 Nd7 17. Qg4 Nf8 18. Re3 Qxc2 19. Qe2 Rad8 20. Rxe7 Bxc4
21. Rxe8 Bxe2 22. Rxd8 g5 23. Bxd6 Qxd2 24. Bxf8 Kf7 25. Rb1 h5 26. Bxc5 Qxa2
27. Rb7+ Kg6 28. Rxa7 Qb1+ 29. Kh2 Qc1 30. Be3 0-1

[Event "4. Kesarovski-Georgiev Memorial"]
[Site "Sunny Beach BUL"]
[Date "2005.09.18"]
[Round "3.21"]
[White "Stoinev, Metodi"]
[Black "Ivanov L, Stojan"]
[Result "1-0"]
[WhiteElo "2285"]
[BlackElo "2081"]
[PlyCount "157"]
[EventDate "2005.09.16"]
[EventType "swiss"]
[EventRounds "9"]
[EventCountry "BUL"]
[Source "lmi"]
[SourceDate "2005.09.25"]

1. e4 c5 2. Nf3 d6 3. d4 cxd4 4. Nxd4 Nf6 5. Nc3 a6 6. h3 e6 7. g4 h6 8. Bg2
Qc7 9. a4 Nc6 10. O-O Bd7 11. Nde2 Rc8 12. b3 Be7 13. Ba3 O-O 14. Qd2 Rfd8 15.
Rad1 d5 16. Bxe7 Nxe7 17. exd5 Nexd5 18. Nxd5 Nxd5 19. c4 Nf6 20. Qb4 Bc6 21.
Qc5 Rd7 22. Nc3 Qb8 23. Rxd7 Bxg2 24. Qe7 Nxd7 25. Kxg2 Qc7 26. Ne4 Nc5 27.
Qxc5 Qxc5 28. Nxc5 Rxc5 29. Rd1 Rc6 30. Rd8+ Kh7 31. a5 Rc7 32. Kf3 Kg6 33. Ke4
Kf6 34. Rg8 Rd7 35. b4 e5 36. Rc8 Rd4+ 37. Ke3 Rd7 38. Rc5 Ke6 39. b5 g6 40. f4
exf4+ 41. Kxf4 Rd4+ 42. Ke3 Rd8 43. Ke4 f6 44. h4 axb5 45. Rxb5 Rd7 46. h5 gxh5
47. gxh5 Rc7 48. Rb6+ Kf7 49. Kd5 Ke7 50. Re6+ Kf7 51. Rb6 Ke7 52. c5 Rd7+ 53.
Kc4 Rc7 54. Rb1 Kf7 55. Rd1 Ke7 56. Rd6 Kf7 57. Kb5 Re7 58. Kb6 Kg7 59. c6 bxc6
60. Rxc6 Re1 61. a6 Rb1+ 62. Kc7 Ra1 63. Kb7 f5 64. a7 Rxa7+ 65. Kxa7 f4 66.
Kb6 f3 67. Rc3 Kf6 68. Rxf3+ Kg5 69. Rg3+ Kxh5 70. Kc5 Kh4 71. Rg8 h5 72. Kd4
Kh3 73. Ke3 h4 74. Kf3 Kh2 75. Rh8 Kh3 76. Rh7 Kh2 77. Rxh4+ Kg1 78. Rh8 Kf1
79. Rh1# 1-0

[Event "4. Kesarovski-Georgiev Memorial"]
[Site "Sunny Beach BUL"]
[Date "2005.09.18"]
[Round "3.22"]
[White "Nikolov, Jordan"]
[Black "Vladimirov, Vladimir"]
[Result "0-1"]
[WhiteElo "2102"]
[BlackElo "2267"]
[PlyCount "64"]
[EventDate "2005.09.16"]
[EventType "swiss"]
[EventRounds "9"]
[EventCountry "BUL"]
[Source "lmi"]
[SourceDate "2005.09.25"]

1. e4 d6 2. d4 Nf6 3. Bd3 e5 4. c3 d5 5. dxe5 Nxe4 6. Nf3 Nc6 7. Nbd2 Nxd2 8.
Bxd2 Bg4 9. Bb5 Qd7 10. h3 Bxf3 11. Qxf3 a6 12. Bxc6 Qxc6 13. O-O Bc5 14. Rfe1
O-O 15. Be3 Rfe8 16. Bd4 Re6 17. Rad1 Bf8 18. Qd3 Qb5 19. f4 g6 20. Qf3 Rae8
21. f5 gxf5 22. Qxf5 Bg7 23. Qf2 b6 24. b4 Rg6 25. Re2 Qd7 26. Rf1 Qe6 27. Qf3
Rg5 28. Ref2 Re7 29. Qe3 Qg6 30. Qf3 Bxe5 31. Be3 Rg3 32. Qe2 Rxe3 0-1